<?xml version="1.0" encoding="UTF-8"?>
<record
    xmlns:xsi="http://www.w3.org/2001/XMLSchema-instance"
    xsi:schemaLocation="http://www.loc.gov/MARC21/slim http://www.loc.gov/standards/marcxml/schema/MARC21slim.xsd"
    xmlns="http://www.loc.gov/MARC21/slim">

  <leader>00468nam a22001697a 4500</leader>
  <controlfield tag="003">OSt</controlfield>
  <controlfield tag="005">20140310182034.0</controlfield>
  <controlfield tag="008">130815t        xxu||||| |||| 00| 0 eng d</controlfield>
  <datafield tag="050" ind1=" " ind2=" ">
    <subfield code="a">BT 846.2</subfield>
    <subfield code="b">.F246 1989</subfield>
  </datafield>
  <datafield tag="082" ind1=" " ind2=" ">
    <subfield code="a">HS </subfield>
    <subfield code="b">236.24 F22 1989</subfield>
  </datafield>
  <datafield tag="100" ind1=" " ind2=" ">
    <subfield code="a">Farison, Marguerite</subfield>
    <subfield code="9">10577</subfield>
  </datafield>
  <datafield tag="245" ind1=" " ind2=" ">
    <subfield code="a">Passport to heaven /.  </subfield>
    <subfield code="c">Marguerite Farison</subfield>
  </datafield>
  <datafield tag="260" ind1=" " ind2=" ">
    <subfield code="a">U.S. A :</subfield>
    <subfield code="b"> Barbour and Comp. Inc,</subfield>
    <subfield code="c">c1989.  </subfield>
  </datafield>
  <datafield tag="300" ind1=" " ind2=" ">
    <subfield code="a">120  p. :</subfield>
    <subfield code="c">17 cm.</subfield>
  </datafield>
  <datafield tag="942" ind1=" " ind2=" ">
    <subfield code="2">lcc</subfield>
    <subfield code="c">HS</subfield>
  </datafield>
  <datafield tag="999" ind1=" " ind2=" ">
    <subfield code="c">8651</subfield>
    <subfield code="d">8651</subfield>
  </datafield>
  <datafield tag="952" ind1=" " ind2=" ">
    <subfield code="0">0</subfield>
    <subfield code="1">0</subfield>
    <subfield code="2">lcc</subfield>
    <subfield code="4">0</subfield>
    <subfield code="a">LUX</subfield>
    <subfield code="b">LUX</subfield>
    <subfield code="c">HS</subfield>
    <subfield code="d">2013-08-15</subfield>
    <subfield code="l">0</subfield>
    <subfield code="o">BT 846.2 .F246 1989</subfield>
    <subfield code="p">10807</subfield>
    <subfield code="r">2016-01-18 00:00:00</subfield>
    <subfield code="t">1</subfield>
    <subfield code="w">2013-08-15</subfield>
    <subfield code="y">BK</subfield>
  </datafield>
</record>
